000 01848cam a2200289 4500500
005 20260208001436.0
041 _afre
042 _adc
100 1 0 _aJoassart, Bernard
_eauthor
245 0 0 _aLe Père Lagrange vu par le Père Jean Levie, directeur de la Nouvelle revue théologique
260 _c2021.
500 _a12
520 _aDirecteur de la NRT de 1926 à 1951, le jésuite belge Jean Levie éprouvait une réelle admiration à l’égard du père Marie-Joseph Lagrange, fondateur de l’École biblique de Jérusalem. À une époque où la méthode historique devait affronter les réticences des milieux conservateurs, les articles, notices et comptes-rendus de Levie expriment une courageuse honnêteté et un véritable hommage de reconnaissance scientifique envers l’exégète dominicain.
520 _aDirector of the NRT from 1926 to 1951, Jean Levie, a Belgian Jesuit, expressed authentic admiration for Fr. Marie-Joseph Lagrange, founder of the Biblical School of Jerusalem. At a time when the historical method had to confront reluctance from conservative circles, Levie’s articles, notices and reports are drafted with uncompromising honesty and pay a true tribute of scientific recognition to the Dominican exegete.
690 _aexégèse biblique
690 _aJean Levie s.j. (1885-1966)
690 _aMarie-Joseph Lagrange o.p. (1855-1938)
690 _améthode historique
690 _amodernisme
690 _abiblical exegesis
690 _ahistorical method
690 _aJean Levie s.j. (1885-1966)
690 _aMarie-Joseph Lagrange o.p. (1855-1938)
690 _amodernism
786 0 _nNouvelle revue théologique | 143 | 4 | 2021-09-23 | p. 652-662 | 0029-4845
856 4 1 _uhttps://shs.cairn.info/revue-nouvelle-revue-theologique-2021-4-page-652?lang=fr&redirect-ssocas=7080
999 _c1644947
_d1644947